000 00300nam a2200097Ia 4500
082 _a364.1523 SUMM
245 0 _aThe suspicions of Mr Whicher : or, The murder at Road Hill House
100 _a SUMMERSCALE, Kate London, 2009
_976067
942 _cBK
008 210817s9999 xx 000 0 und d
999 _c252339
_d252338